000 00777nam a2200265 a 4500
003 AR-BaBNM
005 20251128203627.0
008 082120s2002 ||||||||||||||000 | spa||
040 _cAR-BaBNM
245 0 0 _aCien autores contemporáneos
_n2
250 _a2ª ed.
260 _aSantiago de Chile
_bErcilla
_c1940
300 _a527 p.
_bil.
490 0 _aCóndor
500 _aLa obra contiene breves comentarios sobre las obras literarias más importantes de los autores citados
500 _aEste segundo volúmen contiene desde la letra L a Z
650 4 _aDICCIONARIOS
650 4 _aBIOGRAFIAS
650 4 _aLITERATURA CONTEMPORANEA
650 4 _aESCRITORES
655 _aREFERENCIA
700 1 _aFranulic, Lenka
_ecompilador
942 _cBK
998 _claura
999 _c4207
_d4207